ՀՀ Գիտությունների ազգային ակադեմիայի հիմնարար գիտական գրադարան  =   Fundamental Scientific Library of NAS RA

Библиотерапия: Полный курс : (Record no. 204993)

MARC details
000 -LEADER
fixed length control field 01111nam a2200265 u 4500
001 - CONTROL NUMBER
control field 000611994
003 - CONTROL NUMBER IDENTIFIER
control field AM-YeHGA
005 - DATE AND TIME OF LATEST TRANSACTION
control field 20250618073038.0
008 - FIXED-LENGTH DATA ELEMENTS--GENERAL INFORMATION
fixed length control field 081205s2007 ||| r 000 0 rus d
020 ## - INTERNATIONAL STANDARD BOOK NUMBER
Canceled/invalid ISBN 978-5-8183-1235-4
040 ## - CATALOGING SOURCE
Original cataloging agency AM-YeHGA
041 0# - LANGUAGE CODE
Language code of text/sound track or separate title rus
090 ## - LOCALLY ASSIGNED LC-TYPE CALL NUMBER (OCLC); LOCAL CALL NUMBER (RLIN)
-- 206489
100 1# - MAIN ENTRY--PERSONAL NAME
Personal name Дрешер, Юлия Николаевна
245 10 - TITLE STATEMENT
Title Библиотерапия: Полный курс :
Remainder of title Учебное пособие /
Statement of responsibility, etc. Ю.Н. Дрешер.
260 ## - PUBLICATION, DISTRIBUTION, ETC.
Place of publication, distribution, etc. Москва :
Name of publisher, distributor, etc. Фаир,
Date of publication, distribution, etc. 2007.
300 ## - PHYSICAL DESCRIPTION
Extent 559 с. :
Other physical details ил., табл.
440 #0 - SERIES STATEMENT/ADDED ENTRY--TITLE
Title Специальный издательский проект для библиотек
504 ## - BIBLIOGRAPHY, ETC. NOTE
Bibliography, etc. note Библиогр.: с. 525-559
650 14 - SUBJECT ADDED ENTRY--TOPICAL TERM
Topical term or geographic name entry element Культура.
9 (RLIN) 5174
650 14 - SUBJECT ADDED ENTRY--TOPICAL TERM
Topical term or geographic name entry element Наука
650 14 - SUBJECT ADDED ENTRY--TOPICAL TERM
Topical term or geographic name entry element Культура
9 (RLIN) 5174
650 14 - SUBJECT ADDED ENTRY--TOPICAL TERM
Topical term or geographic name entry element Библиотечное дело
650 14 - SUBJECT ADDED ENTRY--TOPICAL TERM
Topical term or geographic name entry element Библиотековедение
General subdivision Работа с читателями
-- Организация обслуживания читателей
Form subdivision Учебник для высшей школы
Geographic subdivision Российская Федерация
Holdings
Withdrawn status Lost status Source of classification or shelving scheme Damaged status Not for loan Collection Home library Current library Date acquired Total checkouts Full call number Barcode Date last seen Copy number Price effective from Koha item type Public note
    Universal Decimal Classification     Reading Hall Fundamental Scientific Library Fundamental Scientific Library 29/12/2016   PII/653947 FL0077664 29/12/2016 RH1-17/2/12 29/12/2016 Գրքեր / Books ILl Non-Circ.


ՀՀ ԳԱԱ հիմնարար գիտական գրադարան
ՀՀ,Երևան 0019
Մարշալ Բաղրամյան 24/6
հեռախոս:(374-10) 52-47-50
Հետադարձ կապ

All site content, except where otherwise noted, is licensed under a
Creative Commons License